| 000 | 01017nam a2200229Ia 4500 | ||
|---|---|---|---|
| 001 | 23445 | ||
| 003 | GE_BSU | ||
| 008 | 181216s||||||||xx |||||||||||||| ||und|| | ||
| 040 | _cGE_BSU | ||
| 080 | _a821.353.1(092აბუსერიძე, ტბელ) | ||
| 100 | _aსიხარულიძე, ი. | ||
| 245 | _aტბელ აბუსერიძე : XIII საუკუნის ქართველი მწერალი | ||
| 245 | _cრედ. შ. სულაბერიძე. | ||
| 260 | _aთბილისი | ||
| 260 | _bსაბჭ. საქართველო | ||
| 260 | _c1963 | ||
| 300 | _a83გვ. ; 20სმ. | ||
| 541 | _h0,20 | ||
| 653 | _aტბელ აბუსერიძე : XIII საუკუნის ქართველი მწერალი | ||
| 653 | _aქართველი მწერლები; ძველი ქართული ლიტერატურის ისტორია და კრიტიკა | ||
| 942 | _cBK | ||
| 999 |
_c56332 _d56332 |
||